LEADER 01300nam a2200241 u 4500 001 000000118656 003 CaOOAMICUS 005 20091209103213.0 008 091209s1924 it u000 u lat r 040 $aPUL$bita$dMCT 041 0 $alat$aita$afre 110 2 $aAccademia romana di S. Tommaso d'Aquino e di religione cattolica.$0(OLS)http://pul/name/2549 245 10$aActa hebdomadae thomisticae Romae celebratae 19-25 novembris 1924 [i.e. 1923] in laudem s. Thomae Aquinatis sexto labente saeculo ab honoribus sanctorum ei decretis /$cAcademia Rom. S. Thomae Aq. 260 $aRomae :$bapud sedem Academiae s. Thomae Aquinatis,$c1924. 300 $aIX, 295 p. ;$c25 cm 504 $aBibliografia in nota. 546 $aTesto in latino, italiano e francese. 600 04$aThomas Aquinas,$cs.,$dc. 1225-1274$xCongressi.$0(OLS)http://pul/subject/2148 850 $aPUL 852 $aPUL$W1$xDP1 Religione 1$y20$m484 A 41$j136138$qStampati$B135126$CPULBib$Z2$F135126 $82 941 1 $a8 996 $6245$aActa hebdomadae thomisticae Romae celebratae 19-25 novembris 1924 [i.e. 1923] in laudem s. Thomae Aquinatis sexto labente saeculo ab honoribus sanctorum ei decretis$9(OLS)http://pul/title/149329 996 $6260$aRomae :$bapud sedem Academiae s. Thomae Aquinatis$9(OLS)http://pul/publisher/80995 LEADER 01568nam a2200349 u 4500 001 000000055843 003 CaOOAMICUS 005 20070226120416.0 008 010321s1981 it u000 u ita u 020 $a8821300420 035 $a10869772 040 $aPUL(R)$bita 245 00$aSpiritualitą, fisionomia e compiti /$ca cura di B. Calati, B. Secondin e T. P. Zecca. 260 $aRoma :$bLAS,$c1981. 300 $a263 p. ;$c26 cm 490 1 $aBiblioteca di scienze religiose (Libreria Ateneo salesiano) ;$v45 500 $aAtti del I Congresso nazionale dell'Associazione Italiana Spiritualitą. 504 $aBibliografia: p. 253-258. 650 4$aSpiritualitą.$0(OLS)http://pul/subject/843 700 1 $aCalati, Benedetto,$cO.S.B.Cam.,$d1914-$0(OLS)http://pul/name/24864 700 1 $aZecca, T. P.$0(OLS)http://pul/name/39246 700 1 $aSecondin, Bruno,$cO.C.D.,$d1940-$0(OLS)http://pul/name/34371 830 0$aBiblioteca di scienze religiose (Libreria Ateneo salesiano) ;$v45.$0(OLS)http://pul/title/491 850 $aPUL 852 $aPUL$W1$xSL Religione 2$y84$mTheol A3 45$j73371$nBK-PRI$b $qStampati altre collocazioni$B73371$CPULBib$Z2$F73371 $H $81 941 1 $a10 961 $aINV: 74321 983 0$aNuova biblioteca di scienze religiose. 983 0$aBiblioteca di scienze religiose (LAS) 996 $6020$a8821300420$9(OLS)http://pul/number/70295 996 $6245$aSpiritualitą, fisionomia e compiti$9(OLS)http://pul/title/74748 996 $6260$aRoma :$bLAS$9(OLS)http://pul/publisher/48069